01256nam a22001457a 4500999001900000008004100019100002800060245009800088260003400186300003400220520070600254773003400960942000700994952010901001 c533199d533199260429b ||||| |||| 00| 0 eng d aSrivastava, S.C.960316 aNormative and constitutional challenges in defining ‘wages’ under the code on wages, 2019 aEconomic & Political Weekly  a61(11), Mar 14, 2026: p.29-32 aThe normative ambiguities embedded in the definition of “wages” under the Code on Wages, 2019 are examined with particular reference to the first proviso to Section 2(y). While the definitional framework seeks uniformity across labour codes, it introduces a problematic classification that lacks a clear rational basis and may result in unequal access to statutory benefits among similarly placed employees. This classification raises concerns of constitutional equality under Article 14 and creates compliance uncertainties for employers by imposing additional regulatory burdens.-Reproduced https://www.epw.in/journal/2026/11/perspectives/normative-and-constitutional-challenges-defining.html  aEconomic & Political Weekly  cAR 00102ddc40709408370aIIPAbIIPAd2026-04-29h61(11), Mar 14, 2026: p.29-32pAR138711r2026-04-29yAR